|
|
|
|
| LEADER |
00000nam0a2200000 4500 |
| 001 |
358859 |
| 005 |
20231102011133.0 |
| 035 |
|
|
|a (RuTPU)RU\TPU\retro\16131
|
| 090 |
|
|
|a 358859
|
| 100 |
|
|
|a 20200828d1977 m y0rusy50 ca
|
| 101 |
0 |
|
|a rus
|
| 102 |
|
|
|a RU
|
| 105 |
|
|
|a a z 001zb
|
| 200 |
1 |
|
|a Героическая молодость
|f С. В. Дзержинская
|
| 210 |
|
|
|a Москва
|c Советская Россия
|d 1977
|
| 215 |
|
|
|a 160 с.
|c ил.
|
| 600 |
|
1 |
|a Дзержинский
|g Феликс Эдмундович
|f 1877-1926
|c российский политический и государственный деятель
|b Ф. Э.
|2 stltpush
|3 (RuTPU)RU\TPU\pers\388
|
| 606 |
1 |
|
|a Персоналии деятелей КПСС
|x История
|2 stltpush
|3 (RuTPU)RU\TPU\subj\48642
|9 67493
|
| 610 |
1 |
|
|a государственные деятели
|
| 610 |
1 |
|
|a политические деятели
|
| 610 |
1 |
|
|a СССР
|
| 610 |
1 |
|
|a 20 век
|
| 610 |
1 |
|
|a история
|
| 610 |
1 |
|
|a биографические очерки
|
| 610 |
1 |
|
|a дневники
|
| 610 |
1 |
|
|a воспоминания
|
| 686 |
|
|
|a Ф61(2)8
|v LBC/SL-A
|2 rubbk
|
| 700 |
|
1 |
|a Дзержинская
|b С. В.
|g Софья Владиславовна
|
| 801 |
|
1 |
|a RU
|b 63413507
|c 20200828
|
| 801 |
|
2 |
|a RU
|b 63413507
|c 20210224
|g RCR
|
| 942 |
|
|
|c BK
|